Patrimonio cultural urbano : práctica y construcción de bienes comunes en la Ciudad de México /

Saved in:
Bibliographic Details
Main Author: Barraza Gómez, Cecilia (autor.)
Format: eBook
Language:Spanish
Published: Ciudad de México : Universidad Nacional Autónoma de México, 2023.
Edition:Primera edición.
Subjects:
Online Access:https://elibro.unach.elogim.com/es/lc/unach/titulos/285145
Tags: Add Tag
No Tags, Be the first to tag this record!

MARC

LEADER 00000nam a2200000 i 4500
001 ELB285145
003 FINmELB
005 20250909132030.5
006 m o d |
007 cr cnu||||||||
008 250903s2023 mx o 000 0 spa d
020 |a 9786073078474  |q (ebook) 
035 |a (OCoLC)1538594121 
040 |a FINmELB  |b spa  |e rda  |c FINmELB 
050 4 |a HT169.M4  |b B377 2023 
080 |a 711(72) 
082 0 4 |a 307.12160972  |2 23 
100 1 |a Barraza Gómez, Cecilia,  |e autor. 
245 1 0 |a Patrimonio cultural urbano :  |b práctica y construcción de bienes comunes en la Ciudad de México /  |c Cecilia Barraza Gómez. 
250 |a Primera edición. 
264 1 |a Ciudad de México :  |b Universidad Nacional Autónoma de México,  |c 2023. 
300 |a 1 recurso en línea 
336 |a texto  |b txt  |2 rdacontent/spa 
337 |a computadora  |b c  |2 rdamedia/spa 
338 |a recurso en línea  |b cr  |2 rdacarrier/spa 
588 |a Descripción basada en metadatos suministrados por el editor y otras fuentes. 
590 |a Recurso electrónico. Santa Fe, Arg.: elibro, 2025. Disponible vía World Wide Web. El acceso puede estar limitado para las bibliotecas afiliadas a elibro. 
650 4 |a Bienes comunes. 
650 4 |a Ciudad de México. 
650 4 |a Patrimonio cultural. 
650 4 |a Urbanismo. 
797 2 |a elibro, Corp. 
856 4 0 |u https://elibro.unach.elogim.com/es/lc/unach/titulos/285145